Poznámky k samovražde

Bibliographic Details
Main Author: Critchley, Simon, 1960- (Author)
Other Authors: Tkačenko, Peter (Translator)
Format: Book
Language:Slovak
English
PhysicalDescription:67 strán 23 cm
Published: Krásno nad Kysucou Absynt - Kalligram 2018
ISBN:9788089916429
Series:Skica
Subjects:

MARC

LEADER 00000cam a2200000 4500
001 vtls011759409
003 SK-MaSNL
005 20260302021108.0
008 200205s2018 xo g 000 e slo
015 |a SNBA2018/09 
020 |a 9788089916429  |q (brožované) 
035 |a urn:nbn:sk:snk-am00d81c 
035 |a urn:nbn:sk:snk-am3hssx 
035 |a B2D87543-9236-4E2A-BFE4-6A5C37F2409E 
040 |a SNK  |b slo  |c SNK  |e rda 
041 1 |a slo  |h eng 
044 |a xo  |c SK 
072 7 |a 17  |x Etika. Morálna filozofia  |2 konspekt 
080 |a 179.7  |2 2011 
080 |a 2-186  |2 2011 
080 |a 27-186  |2 2011 
080 |a 17.03  |2 2011 
080 |a 17.035.1  |2 2011 
080 |a (0:82-4)  |2 2011 
100 1 |a Critchley, Simon,  |d 1960-  |4 aut  |9 134314 
240 1 0 |a Notes on Suicide  |l Slovensky 
245 1 0 |a Poznámky k samovražde  |c Simon Critchley ; preklad: Peter Tkačenko 
246 1 |i Obálkový podnázov:  |a Samovraždu je nutné pochopiť a táto téma si zúfalo vyžaduje zrelšiu a rozvážnejšiu debatu 
264 1 |a Krásno nad Kysucou  |b Absynt - Kalligram  |c 2018 
300 |a 67 strán  |c 23 cm 
336 |a text  |b txt  |2 rdacontent 
337 |a bez média  |b nc  |2 rdamedia 
338 |a zväzok  |b nc  |2 rdacarrier 
490 1 |a Skica  |v 5. zväzok 
500 |a Preložené z angličtiny 
500 |a Vydalo Vydavateľstvo Absynt pod značkou Kalligram 
504 |a Použité preklady na strane [69] 
650 0 7 |a samovraždy  |2 SNKPH  |9 4931 
650 0 7 |a Suicides  |2 SNKPHeng  |9 483812 
650 0 7 |a smrť  |2 SNKPH  |9 2593 
650 0 7 |a Death  |2 SNKPHeng  |9 310968 
650 0 7 |a humanistická etika  |2 SNKPH  |9 67698 
650 0 7 |a Humanistic ethics  |2 SNKPHeng  |9 664948 
650 0 7 |a individualizmus  |2 SNKPH  |9 19126 
650 0 7 |a Individualism  |2 SNKPHeng  |9 338879 
655 7 |a úvahy  |2 SNKPH  |9 29403 
655 7 |a Essays  |2 SNKPHeng  |9 267540 
655 7 |a eseje  |2 SNKPH  |9 57030 
700 1 |a Tkačenko, Peter  |4 trl  |9 134519 
830 0 |a Skica  |9 351460 
852 |a Štátna vedecká knižnica v Banskej Bystrici 
919 |a 978-80-89916-42-9 
958 |a OP 
968 |b ENG 
999 |c 1027474  |d 1029404 
952 |a SNK  |b SNK  |y PREZ  |7 0  |p 17A1335670  |o snkSC 180720  |i snk2018/17773  |8 0  |0 0  |1 0  |4 0  |d 2018-09-03  |f 1  |l 0  |r 2026-02-24 13:43:59  |w 2026-02-24 
952 |a SNK  |b SNK  |y VYP  |7 0  |p 17A1335672  |o snkSC 180720 D1  |i snk2018/17778  |8 0  |3 uvoľnená str. 67  |0 0  |1 0  |4 0  |d 2018-09-03  |l 0  |r 2026-02-24 13:43:59  |w 2026-02-24